000 01553cam a2200337 a 4500
001 2503
003 FISKH
005 20250318112904.0
008 100420t20092007nyua j 001 0 eng c
010 _a 2010278577
020 _a9781596435063 (pbk.)
020 _a9780545290630
020 _a1596435062 (pbk.)
035 _a(OCoLC)ocn317455738
040 _aBTCTA
_beng
_cBTCTA
_dORX
_dJN6
_dXY4
_dUBY
_dTXDCK
_dOCLCQ
_dDLC
042 _apcc
050 0 0 _aQ163
_b.M973 2009
082 _a500
100 1 _aMurphy, Glenn.
245 1 0 _aHow loud can you burp? :
_bmore extremely important questions (and answers!) /
_cGlenn Murphy.
250 _aFirst Scholastic printing, October 2010
260 _aNew York :
_bScholastic,
_c2007
300 _a284 pages :
_billustrations ;
_c20 cm
520 _aHow loud can your average middle-grader burp? Parents, librarians, and innocent bystanders are about to find out. This follow-up to the equally alluring Why is Snot Green? tackles more of life's burning questions, many submitted by real-life ten-year-olds. Could we use animal poop to make electricity? What's the world's deadliest disease? Why is your mother turning green? Part silly, part serious, and a big part scatological, How Loud Can You Burp? is destined for greatness and grossness.
521 8 _a960
_bLexile NC
650 0 _aScience
_vMiscellanea
_vJuvenile literature.
650 1 _aScience
_vMiscellanea.
655 0 _aChildren's questions and answers.
906 _a7
_bcbc
_cpccadap
_d2
_encip
_f20
_gy-gencatlg
942 _2ddc
_cBK
_n0
999 _c2503
_d2503